Câu thơ Lục bát Tố Hữu

Những vấn đề lí luận liên quan đến đề tài. Khảo sát và miêu tả câu thơ Lục bát Tố Hữu. Nhạc tính trong thơ Tố Hữu.

Сохранить в:
Библиографические подробности
Главный автор: Trịnh Thị Hương
Другие авторы: Bùi Trọng Ngoãn TS (Hướng dẫn)
Формат:
Язык:Vietnamese
Опубликовано: Đà Nẵng Đà Nẵng Trường Đại học Sư phạm 2008
Предметы:
Метки: Добавить метку
Нет меток, Требуется 1-ая метка записи!
Thư viện lưu trữ: Mạng thư viện Đại học Đà Nẵng
LEADER 01623nam a2200361 4500
001 000010974
003 7201
005 20111227081222.0
008 111227s2008 viesd
041 |a vie 
072 |a Khóa luận tốt nghiệp 
082 |a 895.9221  |b TR-H 
100 1 |a Trịnh Thị Hương 
245 1 |a Câu thơ Lục bát Tố Hữu  |c Trịnh Thị Hương 
260 |a Đà Nẵng Đà Nẵng  |b Trường Đại học Sư phạm  |c 2008 
300 |a 59 tr.  |c 29 cm 
500 |a Khóa luận tốt nghiệp Đại học. Chuyên ngành: Ngành Sư phạm Ngữ văn 
520 |a Những vấn đề lí luận liên quan đến đề tài. Khảo sát và miêu tả câu thơ Lục bát Tố Hữu. Nhạc tính trong thơ Tố Hữu. 
653 |a Khoa Ngữ văn 
653 |a Khóa luận tốt nghiệp Đại học 
700 1 |a Bùi Trọng Ngoãn  |c TS  |e Hướng dẫn 
OWN |a LSP 
AVA |a UDN50  |b LNN  |d 895.9221 TR-N  |e available  |t Error 5001 Not defined in file expand_doc_bib_avail.  |f 3  |g 0  |h N  |i 0 
AVA |a UDN50  |b LSP  |d 895.9221 TR-H  |e available  |t Error 5001 Not defined in file expand_doc_bib_avail.  |f 1  |g 0  |h N  |i 0  |k 1 
999 |a From the UDN01 
AVA |a UDN50  |b LNN  |d 895.9221 TR-N  |e available  |t Error 5001 Not defined in file expand_doc_bib_avail.  |f 3  |g 0  |h N  |i 0 
AVA |a UDN50  |b LSP  |d 895.9221 TR-H  |e available  |t Error 5001 Not defined in file expand_doc_bib_avail.  |f 1  |g 0  |h N  |i 0  |k 1 
TYP |a Monograph 
TYP |a Printed language 
980 |a Mạng thư viện Đại học Đà Nẵng